| 000 | 00357 a2200133 4500 | ||
|---|---|---|---|
| 000 | nam a22 7a 4500 | ||
| 100 | _aTomar, Devendra Pal Singh | ||
| 110 | _aTomar, Devendra Pal Singh | ||
| 245 | _aResearch Methodology: Taknik tatha Upkaran | ||
| 250 | _aLatest edition | ||
| 260 |
_bViswabharti _c2025 |
||
| 264 |
_bViswabharti _c2025 |
||
| 942 | _cBK | ||
| 999 |
_c394345 _d394345 |
||